[Event "XIII Torneo FIDE"]
[Site "Montecatini Terme ITA"]
[Date "2006.07.02"]
[Round "2"]
[White "Piscopo, Pierluigi"]
[Black "Sulava, Nenad"]
[Result "0-1"]
[WhiteElo "2393"]
[BlackElo "2489"]
[PlyCount "50"]
[EventDate "2006.07.01"]

1. e4 c5 2. Nf3 e6 3. d4 cxd4 4. Nxd4 a6 5. Nc3 b5 6. Bd3 Ne7 7. Qh5 d6 8. O-O
g6 9. Qf3 Bb7 10. Qf6 Rg8 11. Qh4 Nd7 12. a4 b4 13. Na2 d5 14. exd5 Nxd5 15.
Qxh7 N7f6 16. Qh3 Bd6 17. Bg5 Qc7 18. Rfd1 O-O-O 19. g3 Rh8 20. Qf1 Rxh2 21.
Kxh2 Rh8+ 22. Kg1 Ne3 23. fxe3 Rh1+ 24. Kf2 Bxg3+ 25. Ke2 Rh2+ 0-1

[Event "XIII Torneo FIDE"]
[Site "Montecatini Terme ITA"]
[Date "2006.07.03"]
[Round "3"]
[White "Mogranzini, Roberto"]
[Black "Apicella, Manuel"]
[Result "1/2-1/2"]
[WhiteElo "2352"]
[BlackElo "2520"]
[PlyCount "25"]
[EventDate "2006.07.01"]

1. e4 e6 2. d4 d5 3. Nd2 Nf6 4. e5 Nfd7 5. Bd3 c5 6. c3 b6 7. Nh3 Ba6 8. Bxa6
Nxa6 9. O-O Nc7 10. Qg4 c4 11. a4 b5 12. axb5 Nxb5 13. Nf4 1/2-1/2

[Event "XIII Torneo FIDE"]
[Site "Montecatini Terme ITA"]
[Date "2006.07.03"]
[Round "3"]
[White "Mrdja, Milan"]
[Black "Cornette, Matthieu"]
[Result "1/2-1/2"]
[WhiteElo "2414"]
[BlackElo "2447"]
[PlyCount "66"]
[EventDate "2006.07.01"]

1. e4 d5 2. exd5 Qxd5 3. Nc3 Qa5 4. Bc4 Nf6 5. d4 Bg4 6. f3 Bf5 7. Nge2 Nbd7 8.
Bd2 Qb6 9. a4 a5 10. b3 e5 11. Be3 O-O-O 12. Qd2 exd4 13. Bxd4 Bc5 14. O-O-O
Bg6 15. Nf4 Ne5 16. Nfd5 Nxd5 17. Nxd5 Rxd5 18. Bxd5 Nd3+ 19. cxd3 Bxd4 20. Kb1
c6 21. Bc4 Qc5 22. Ka2 Kc7 23. Rc1 Be3 24. Qb2 Bxc1 25. Rxc1 Qb4 26. Qxg7 Re8
27. Rc2 Kc8 28. Qf6 Rd8 29. h4 Qd6 30. Qxd6 Rxd6 31. Kb2 Rd4 32. g3 Rd7 33. Kc3
Re7 1/2-1/2

[Event "XIII Torneo FIDE"]
[Site "Montecatini Terme ITA"]
[Date "2006.07.03"]
[Round "3"]
[White "Naumkin, Igor"]
[Black "Piscopo, Pierluigi"]
[Result "1/2-1/2"]
[WhiteElo "2430"]
[BlackElo "2393"]
[PlyCount "81"]
[EventDate "2006.07.01"]

1. d4 c5 2. d5 e6 3. c4 Nf6 4. Nc3 exd5 5. cxd5 d6 6. e4 g6 7. Nf3 Bg7 8. Be2
O-O 9. O-O Bg4 10. Bf4 a6 11. a4 Bxf3 12. Bxf3 Ne8 13. Re1 Nd7 14. Bg4 Ne5 15.
Be2 f5 16. exf5 gxf5 17. Bd3 Rb8 18. Bc2 Qh4 19. Ne2 Ng6 20. Bc1 Be5 21. Ng3
Ng7 22. Ra3 Rf7 23. Rf3 Rbf8 24. Nf1 b5 25. axb5 axb5 26. b3 Ra8 27. Rh3 Qg4
28. Qd3 c4 29. bxc4 bxc4 30. Qd2 f4 31. Bd1 Qc8 32. Qc2 c3 33. Rxe5 dxe5 34.
Rxc3 Qd8 35. Nd2 Nf5 36. h3 Nd4 37. Qd3 Nh4 38. Ne4 Rg7 39. g3 Kh8 40. d6 fxg3
41. fxg3 1/2-1/2

[Event "XIII Torneo FIDE"]
[Site "Montecatini Terme ITA"]
[Date "2006.07.03"]
[Round "3"]
[White "Ronchetti, Niccolo'"]
[Black "Brunello, Sabino"]
[Result "0-1"]
[WhiteElo "2421"]
[BlackElo "2391"]
[PlyCount "154"]
[EventDate "2006.07.01"]

1. c4 e6 2. Nc3 Nf6 3. e4 d5 4. e5 d4 5. exf6 dxc3 6. bxc3 Qxf6 7. d4 e5 8. Nf3
exd4 9. Bg5 Qe6+ 10. Be2 f6 11. Nxd4 Qf7 12. Bf4 Bc5 13. Qa4+ c6 14. Nb3 Be7
15. O-O O-O 16. Rfe1 Nd7 17. c5 Ne5 18. Be3 Be6 19. Nd4 Bd5 20. Nf5 Rfe8 21.
Qh4 Bf8 22. Bd4 Qg6 23. Ng3 Nd3 24. Bxd3 Qxd3 25. Qf4 Rxe1+ 26. Rxe1 b6 27. Qg4
Qg6 28. Qxg6 hxg6 29. cxb6 c5 30. Be3 axb6 31. Rb1 Rxa2 32. h4 Ra6 33. Rd1 Bc6
34. h5 gxh5 35. Nxh5 Kf7 36. Nf4 Ra7 37. f3 b5 38. Rc1 Ra3 39. Kf2 Ra2+ 40. Kf1
g5 41. Nd3 g4 42. Nxc5 gxf3 43. gxf3 Bxf3 44. Nb3 Ba3 45. Re1 Bd5 46. Nd4 Bc4+
47. Kg1 Bb2 48. Rb1 Bd3 49. Rd1 Ra1 50. Rxa1 Bxa1 51. Bd2 b4 52. cxb4 Bxd4+ 53.
Kg2 Ke6 54. Kf3 Kd5 55. Kf4 Be5+ 56. Kf3 Kc4 57. Kg4 Bd6 58. b5 Kxb5 59. Be3
Kc4 60. Kf3 Kd5 61. Bd2 f5 62. Be3 Be4+ 63. Ke2 f4 64. Bxf4 Bxf4 65. Kf2 Kd4
66. Ke2 Kc3 67. Kf2 Kd2 68. Kf1 Bf3 69. Kf2 Bg4 70. Kf1 Ke3 71. Kg2 Ke2 72. Kg1
Kf3 73. Kf1 Kg3 74. Ke1 Bc1 75. Kf1 Bd2 76. Kg1 Be2 77. Kh1 Bc3 0-1

[Event "XIII Torneo FIDE"]
[Site "Montecatini Terme ITA"]
[Date "2006.07.03"]
[Round "3"]
[White "Sulava, Nenad"]
[Black "Guidarelli, Laurent"]
[Result "1/2-1/2"]
[WhiteElo "2489"]
[BlackElo "2437"]
[PlyCount "118"]
[EventDate "2006.07.01"]

1. d4 Nf6 2. c4 c5 3. Nf3 cxd4 4. Nxd4 e5 5. Nb5 d5 6. cxd5 Bc5 7. N5c3 O-O 8.
h3 Bf5 9. g4 Be4 10. f3 Bxb1 11. Rxb1 Qb6 12. e4 Bf2+ 13. Kd2 Rd8 14. Bd3 Na6
15. Ke2 Bd4 16. Qb3 Qd6 17. Nb5 Qb8 18. Nxd4 exd4 19. Bd2 Nc5 20. Qa3 b6 21. b4
Ncd7 22. Qb2 Qe5 23. f4 Qe7 24. Kf3 Nf8 25. Qxd4 Qb7 26. Qe3 Re8 27. Qd4 Rad8
28. Rhe1 Ne6 29. Qc4 b5 30. Qc3 Nxd5 31. exd5 Qxd5+ 32. Kf2 Qxd3 33. Qxd3 Rxd3
34. Be3 h5 35. Rb3 Red8 36. f5 Nc7 37. Bxa7 Rd2+ 38. Kg3 Rxa2 39. Bb6 Rc2 40.
Re7 Rc8 41. Rd3 hxg4 42. hxg4 Ne8 43. Bc5 Nf6 44. g5 Nh7 45. g6 fxg6 46. Rdd7
Nf6 47. Rxg7+ Kh8 48. Rc7 Rxc7 49. Rxc7 gxf5 50. Kh4 Rg2 51. Rf7 Ne4 52. Rxf5
Nxc5 53. Rxc5 Kg7 54. Rg5+ Rxg5 55. Kxg5 Kf7 56. Kf5 Ke7 57. Ke5 Kd7 58. Kd5
Kc7 59. Kc5 Kb8 1/2-1/2

[Event "XIII Torneo FIDE"]
[Site "Montecatini Terme ITA"]
[Date "2006.07.04"]
[Round "4"]
[White "Apicella, Manuel"]
[Black "Brunello, Sabino"]
[Result "1/2-1/2"]
[WhiteElo "2520"]
[BlackElo "2391"]
[PlyCount "59"]
[EventDate "2006.07.01"]

1. e4 e5 2. Nf3 Nc6 3. Bb5 a6 4. Ba4 Nf6 5. O-O Be7 6. Re1 b5 7. Bb3 O-O 8. d4
d6 9. c3 Bg4 10. d5 Na5 11. Bc2 Qc8 12. Nbd2 c6 13. b4 Nb7 14. h3 Bd7 15. dxc6
Qxc6 16. Bb2 Nd8 17. Nb3 Ne6 18. Bd3 Bd8 19. Nfd2 Bb6 20. c4 Qb7 21. c5 dxc5
22. bxc5 Bc7 23. Nf3 Qb8 24. Qc2 Bc6 25. Nh4 g6 26. Bc1 Rd8 27. Bh6 a5 28. Re3
a4 29. Nd2 Nh5 30. Bf1 1/2-1/2

[Event "XIII Torneo FIDE"]
[Site "Montecatini Terme ITA"]
[Date "2006.07.04"]
[Round "4"]
[White "Cornette, Matthieu"]
[Black "Sulava, Nenad"]
[Result "1/2-1/2"]
[WhiteElo "2447"]
[BlackElo "2489"]
[PlyCount "28"]
[EventDate "2006.07.01"]

1. e4 e6 2. d4 d5 3. Nc3 dxe4 4. Nxe4 Nd7 5. Nf3 Ngf6 6. Nxf6+ Nxf6 7. Bg5 h6
8. Be3 Nd5 9. Qd2 Bd6 10. O-O-O Qe7 11. Ne5 Bd7 12. Bc4 O-O-O 13. Bxd5 exd5 14.
Qa5 Bxe5 1/2-1/2

[Event "XIII Torneo FIDE"]
[Site "Montecatini Terme ITA"]
[Date "2006.07.04"]
[Round "4"]
[White "Guidarelli, Laurent"]
[Black "Naumkin, Igor"]
[Result "1/2-1/2"]
[WhiteElo "2437"]
[BlackElo "2430"]
[PlyCount "49"]
[EventDate "2006.07.01"]

1. d4 e6 2. c4 f5 3. g3 Nf6 4. Bg2 Bb4+ 5. Nd2 O-O 6. Ngf3 d6 7. O-O Bxd2 8.
Bxd2 a5 9. Qc2 Qe8 10. Bc3 Ne4 11. Nd2 Nxc3 12. Qxc3 e5 13. c5 Nc6 14. Qc4+ Kh8
15. d5 Nb4 16. a3 Na6 17. b4 Bd7 18. Qc3 Qh5 19. Nc4 axb4 20. axb4 e4 21. cxd6
cxd6 22. Nxd6 Qxe2 23. Rfd1 f4 24. Nxe4 Rac8 25. Qd3 1/2-1/2

[Event "XIII Torneo FIDE"]
[Site "Montecatini Terme ITA"]
[Date "2006.07.04"]
[Round "4"]
[White "Mogranzini, Roberto"]
[Black "Mrdja, Milan"]
[Result "1-0"]
[WhiteElo "2352"]
[BlackElo "2414"]
[PlyCount "81"]
[EventDate "2006.07.01"]

1. e4 Nf6 2. e5 Nd5 3. c4 Nb6 4. d4 d6 5. exd6 cxd6 6. Nc3 g6 7. Be3 Bg7 8. Rc1
O-O 9. b3 Nc6 10. d5 Ne5 11. Be2 f5 12. f4 Ng4 13. Bxg4 fxg4 14. Nge2 Bf5 15.
Bd4 Nd7 16. Bxg7 Kxg7 17. O-O Nc5 18. Nd4 a6 19. Qd2 Rc8 20. Rfe1 Kg8 21. Re3
Rf7 22. Rce1 Qf8 23. Nxf5 gxf5 24. Qd4 Rc7 25. Ne2 b5 26. cxb5 axb5 27. Rc1 Qb8
28. Rec3 b4 29. Rc4 Rb7 30. R1c2 Rb5 31. Qe3 Qa8 32. Nd4 Ra5 33. Rxb4 Rxa2 34.
Rb8+ Qxb8 35. Rxa2 Qb7 36. Nc6 Ne4 37. Ra7 Qb5 38. Ra8+ Kg7 39. Ra5 Qb7 40. b4
Nf6 41. Qd4 1-0

[Event "XIII Torneo FIDE"]
[Site "Montecatini Terme ITA"]
[Date "2006.07.05"]
[Round "5"]
[White "Mrdja, Milan"]
[Black "Apicella, Manuel"]
[Result "1/2-1/2"]
[WhiteElo "2414"]
[BlackElo "2520"]
[PlyCount "65"]
[EventDate "2006.07.01"]

1. e4 e6 2. d4 d5 3. Nc3 Bb4 4. a3 Bxc3+ 5. bxc3 dxe4 6. Qg4 Nf6 7. Qxg7 Rg8 8.
Qh6 Nbd7 9. Nh3 c5 10. Qd2 Qc7 11. a4 b6 12. a5 Bb7 13. Qf4 e5 14. dxe5 Qxe5
15. Qxe5+ Nxe5 16. Bf4 Ned7 17. O-O-O Nd5 18. Bc4 Nxf4 19. Bxf7+ Kxf7 20. Rxd7+
Ke6 21. Rxb7 Nxh3 22. gxh3 h5 23. Re1 Kd5 24. a6 Raf8 25. Rd7+ Kc6 26. Rd2 Rf4
27. c4 Rg2 28. Red1 Rfxf2 29. Rd6+ Kc7 30. Rd7+ Kc8 31. Rd8+ Kc7 32. R1d7+ Kc6
33. Rd6+ 1/2-1/2

[Event "XIII Torneo FIDE"]
[Site "Montecatini Terme ITA"]
[Date "2006.07.05"]
[Round "5"]
[White "Naumkin, Igor"]
[Black "Cornette, Matthieu"]
[Result "1/2-1/2"]
[WhiteElo "2430"]
[BlackElo "2447"]
[PlyCount "138"]
[EventDate "2006.07.01"]

1. d4 Nf6 2. c4 e6 3. Nf3 d5 4. Nc3 dxc4 5. e4 Bb4 6. Bg5 b5 7. a4 Bb7 8. axb5
Bxe4 9. Bxc4 h6 10. Bh4 Nbd7 11. O-O Bb7 12. Qe2 O-O 13. Rad1 Nb6 14. Ba2 Be7
15. Ne5 Nbd5 16. f4 a6 17. f5 exf5 18. Rxf5 axb5 19. Bxf6 Bxf6 20. Nxf7 Rxf7
21. Rxd5 Bxd5 22. Bxd5 c6 23. Bxf7+ Kxf7 24. d5 cxd5 25. Nxd5 Kg8 26. Qxb5 Kh8
27. Qe2 Rb8 28. b4 Qd6 29. g3 Rd8 30. Kg2 Qc6 31. b5 Qb7 32. h4 Be7 33. Qd3 Ra8
34. Rd2 Bd6 35. Re2 Rd8 36. Kh2 Bb8 37. b6 Qf7 38. Rd2 Qh5 39. Kg2 Qe5 40. Qf3
Qd6 41. Rd3 Qc5 42. b7 Rf8 43. Rc3 Rxf3 44. Rxc5 Rxg3+ 45. Kf2 Bd6 46. Rc6 Rb3
47. Rxd6 Rxb7 48. h5 Rf7+ 49. Kg3 Rf5 50. Rd8+ Kh7 51. Nf4 Rg5+ 52. Kh4 Ra5 53.
Ne6 Ra4+ 54. Kg3 Ra3+ 55. Kf4 Ra4+ 56. Kf3 Ra3+ 57. Ke4 Ra4+ 58. Ke5 Ra5+ 59.
Rd5 Rxd5+ 60. Kxd5 g6 61. Nf8+ Kg7 62. Nxg6 Kf6 63. Nf4 Kg5 64. Ke5 Kg4 65. Ke4
Kg5 66. Kf3 Kh4 67. Kf2 Kg4 68. Ke3 Kg5 69. Kf3 Kh4 1/2-1/2

[Event "XIII Torneo FIDE"]
[Site "Montecatini Terme ITA"]
[Date "2006.07.05"]
[Round "5"]
[White "Sulava, Nenad"]
[Black "Mogranzini, Roberto"]
[Result "1-0"]
[WhiteElo "2489"]
[BlackElo "2352"]
[PlyCount "82"]
[EventDate "2006.07.01"]

1. Nf3 Nf6 2. c4 g6 3. Nc3 Bg7 4. e4 d6 5. d4 O-O 6. h3 c5 7. d5 e6 8. Bd3 exd5
9. cxd5 Re8 10. O-O Na6 11. Bf4 Nc7 12. a4 a6 13. Nd2 Nh5 14. Bh2 Qg5 15. Nf3
Qf6 16. Qd2 Bxh3 17. Qg5 Qxg5 18. Nxg5 Bd7 19. Bxd6 Rec8 20. Rfe1 c4 21. Be2
Ne8 22. Bh2 b5 23. e5 b4 24. Nce4 h6 25. Nf3 g5 26. Nfxg5 hxg5 27. Bxh5 Bh6 28.
e6 fxe6 29. dxe6 Bc6 30. Rad1 Bxa4 31. Rd7 Bg7 32. Nxg5 Bc2 33. Re3 Bf6 34. Rg3
Nc7 35. Bf7+ Kf8 36. Rh3 Ne8 37. Nh7+ Bxh7 38. Rxh7 c3 39. Bf4 Bg7 40. bxc3
bxc3 41. Bxe8 c2 1-0

[Event "XIII Torneo FIDE"]
[Site "Montecatini Terme ITA"]
[Date "2006.07.05"]
[Round "6"]
[White "Apicella, Manuel"]
[Black "Piscopo, Pierluigi"]
[Result "1-0"]
[WhiteElo "2520"]
[BlackElo "2393"]
[PlyCount "79"]
[EventDate "2006.07.01"]

1. e4 c5 2. Nf3 Nc6 3. d4 cxd4 4. Nxd4 Nf6 5. Nc3 e5 6. Ndb5 d6 7. Nd5 Nxd5 8.
exd5 Ne7 9. c3 Nf5 10. a4 g6 11. g3 Bg7 12. Bg2 O-O 13. O-O Bd7 14. Na3 Qc8 15.
Qb3 Rb8 16. Qb4 Qc7 17. a5 Rfc8 18. Nc2 a6 19. Rd1 Bb5 20. Bh3 Be2 21. Rd2 Bb5
22. Rd1 Be2 23. Rd2 Bb5 24. Ne3 Nxe3 25. Bxc8 Nf1 26. Bh3 Nxd2 27. Bxd2 Bc4 28.
Bg2 b5 29. axb6 Rxb6 30. Qa5 Qb7 31. b4 h5 32. Be3 Rb5 33. Qxa6 e4 34. Qxb7
Rxb7 35. Bxe4 Rb5 36. Ra8+ Kh7 37. Rc8 Bxd5 38. c4 Bxc4 39. Rxc4 d5 40. Rc5 1-0

[Event "XIII Torneo FIDE"]
[Site "Montecatini Terme ITA"]
[Date "2006.07.05"]
[Round "6"]
[White "Cornette, Matthieu"]
[Black "Ronchetti, Niccolo'"]
[Result "1-0"]
[WhiteElo "2447"]
[BlackElo "2421"]
[PlyCount "119"]
[EventDate "2006.07.01"]

1. e4 c5 2. Nf3 Nc6 3. Bb5 e6 4. Bxc6 bxc6 5. d3 Ne7 6. Qe2 d5 7. c4 Ng6 8. O-O
Bd6 9. Nc3 O-O 10. b3 d4 11. Nd1 e5 12. Ne1 Qh4 13. g3 Qe7 14. Ng2 f5 15. exf5
Bxf5 16. f3 Rf7 17. Nf2 h6 18. Bd2 Qb7 19. Ne4 Qd7 20. Rae1 Be7 21. g4 Be6 22.
Ng3 Bd6 23. Qe4 Nf8 24. Nh4 a5 25. a4 Bc7 26. Nh5 Rb8 27. Rb1 Qd6 28. Rf2 Nd7
29. Ng3 Nf8 30. Nhf5 Qd7 31. Nh4 Qd6 32. Bc1 Rb6 33. Nhf5 Qd8 34. Ba3 Nd7 35.
Nxh6+ gxh6 36. Qg6+ Kf8 37. Ne4 Qe7 38. Qxh6+ Ke8 39. Ng5 Rf6 40. Qh5+ Kd8 41.
Qh8+ Rf8 42. Qh6 Rf6 43. Qh8+ Rf8 44. Qh6 Bg8 45. Ne4 Bh7 46. g5 Bxe4 47. fxe4
Rxf2 48. Kxf2 Bd6 49. Bc1 Rb8 50. Bd2 Kc7 51. Bxa5+ Kb7 52. Kg2 Rg8 53. Bd2 Nf8
54. Rf1 Rg6 55. Qh8 Ne6 56. Rf6 Nf8 57. h4 Qd7 58. Kg3 Rxf6 59. Qxf6 Ne6 60.
Qf5 1-0

[Event "XIII Torneo FIDE"]
[Site "Montecatini Terme ITA"]
[Date "2006.07.05"]
[Round "6"]
[White "Guidarelli, Laurent"]
[Black "Brunello, Sabino"]
[Result "1-0"]
[WhiteElo "2437"]
[BlackElo "2391"]
[PlyCount "79"]
[EventDate "2006.07.01"]

1. d4 Nf6 2. c4 e6 3. Nf3 b6 4. g3 Bb7 5. Bg2 Be7 6. Nc3 O-O 7. O-O Ne4 8. Bd2
Bf6 9. Rc1 c5 10. d5 exd5 11. cxd5 Nxd2 12. Nxd2 d6 13. Nde4 Be5 14. e3 Nd7 15.
f4 Bxc3 16. Nxc3 Re8 17. e4 a6 18. a4 b5 19. axb5 axb5 20. Nxb5 Qb6 21. Na3 Ba6
22. Rf2 Nf6 23. Nc4 Bxc4 24. Rxc4 Ra2 25. b3 Qa5 26. Rxa2 Qxa2 27. e5 dxe5 28.
fxe5 Rxe5 29. Ra4 Qb2 30. Ra8+ Re8 31. Rxe8+ Nxe8 32. d6 Nxd6 33. Qxd6 Qc1+ 34.
Bf1 Qe3+ 35. Kg2 g6 36. Qd5 Kg7 37. Bc4 Qe7 38. Kf3 h5 39. Kf4 Qf6+ 40. Ke4 1-0

[Event "XIII Torneo FIDE"]
[Site "Montecatini Terme ITA"]
[Date "2006.07.05"]
[Round "6"]
[White "Mogranzini, Roberto"]
[Black "Naumkin, Igor"]
[Result "1-0"]
[WhiteElo "2352"]
[BlackElo "2430"]
[PlyCount "51"]
[EventDate "2006.07.01"]

1. e4 e6 2. d4 d5 3. Nd2 c5 4. exd5 Qxd5 5. Ngf3 cxd4 6. Bc4 Qd6 7. Qe2 Nc6 8.
Nb3 Nf6 9. Bg5 Be7 10. O-O-O e5 11. Rhe1 Bg4 12. Bb5 h6 13. Qxe5 Qxe5 14. Nxe5
Bxd1 15. Nxc6 hxg5 16. Nxe7+ Kf8 17. Kxd1 Rxh2 18. Nf5 g6 19. Nfxd4 Rxg2 20.
Ke2 Kg7 21. Kf1 Rh2 22. Nf3 Rh5 23. Bc4 b5 24. Bd3 Rah8 25. Re7 Rh1+ 26. Ke2
1-0

[Event "XIII Torneo FIDE"]
[Site "Montecatini Terme ITA"]
[Date "2006.07.05"]
[Round "6"]
[White "Mrdja, Milan"]
[Black "Sulava, Nenad"]
[Result "1/2-1/2"]
[WhiteElo "2414"]
[BlackElo "2489"]
[PlyCount "48"]
[EventDate "2006.07.01"]

1. e4 c5 2. Nf3 e6 3. d4 cxd4 4. Nxd4 Nf6 5. Nc3 Nc6 6. Ndb5 d6 7. Bf4 e5 8.
Bg5 a6 9. Na3 b5 10. Bxf6 gxf6 11. Nd5 f5 12. exf5 Bxf5 13. c3 Bg7 14. Nc2 O-O
15. Nce3 Be6 16. Bd3 f5 17. Bc2 f4 18. Qh5 Rf7 19. Bxh7+ Kf8 20. Bf5 Qe8 21.
Bxe6 Qxe6 22. Qg4 Qh6 23. Nf5 Qe6 24. Nfe3 Qh6 1/2-1/2

[Event "XIII Torneo FIDE"]
[Site "Montecatini Terme ITA"]
[Date "2006.07.06"]
[Round "7"]
[White "Piscopo, Pierluigi"]
[Black "Guidarelli, Laurent"]
[Result "0-1"]
[WhiteElo "2393"]
[BlackElo "2437"]
[PlyCount "82"]
[EventDate "2006.07.01"]

1. e4 c5 2. Nc3 a6 3. Nge2 d6 4. g3 b5 5. Bg2 Bb7 6. a3 e6 7. b4 Nf6 8. O-O
cxb4 9. axb4 d5 10. exd5 Nxd5 11. Ne4 Bxb4 12. d3 O-O 13. c4 bxc4 14. dxc4 Nb6
15. Qb3 a5 16. Bf4 Bxe4 17. Bxe4 Ra7 18. Qc2 f5 19. Bg2 Na6 20. Be5 Rd7 21.
Rad1 Rd2 22. Rxd2 Qxd2 23. Qxd2 Bxd2 24. Bd6 Rd8 25. c5 Na4 26. Nd4 N6xc5 27.
Bxc5 Nxc5 28. Nc6 Rd7 29. Rb1 Bb4 30. Nxb4 axb4 31. Rxb4 Rd1+ 32. Bf1 Ne4 33.
Kg2 Rd2 34. Bc4 Kf7 35. Rb6 Nd6 36. Bb3 g5 37. Kf3 Ke7 38. h3 h5 39. h4 g4+ 40.
Ke3 Rb2 41. Rb8 Nc4+ 0-1

[Event "XIII Torneo FIDE"]
[Site "Montecatini Terme ITA"]
[Date "2006.07.07"]
[Round "8"]
[White "Apicella, Manuel"]
[Black "Guidarelli, Laurent"]
[Result "1-0"]
[WhiteElo "2520"]
[BlackElo "2437"]
[PlyCount "85"]
[EventDate "2006.07.01"]

1. e4 c5 2. Nf3 d6 3. d4 cxd4 4. Nxd4 Nf6 5. Nc3 a6 6. Be3 e5 7. Nf3 Qc7 8. a4
Be7 9. Be2 O-O 10. O-O Nbd7 11. Nd2 h6 12. a5 Nc5 13. Nc4 Be6 14. Nb6 Rae8 15.
Ncd5 Bxd5 16. exd5 Nfd7 17. b4 Ne4 18. Bd3 Ng5 19. b5 e4 20. Be2 f5 21. bxa6
bxa6 22. Nxd7 Qxd7 23. Qd2 Nh7 24. Rab1 Bg5 25. Bf4 Qa4 26. Bxa6 Bxf4 27. Qxf4
Qxa5 28. Qxd6 Rd8 29. Qe6+ Kh8 30. Bb5 Ng5 31. Qe5 Nf7 32. Qd4 Qc7 33. c4 Ne5
34. c5 Qe7 35. d6 Qe6 36. Rfd1 Rf6 37. c6 Nxc6 38. Bxc6 Rxd6 39. Rb8+ Kh7 40.
Bd5 Qd7 41. h4 Qc7 42. Ra8 Rf7 43. h5 1-0

[Event "XIII Torneo FIDE"]
[Site "Montecatini Terme ITA"]
[Date "2006.07.07"]
[Round "8"]
[White "Mrdja, Milan"]
[Black "Ronchetti, Niccolo'"]
[Result "1/2-1/2"]
[WhiteElo "2414"]
[BlackElo "2421"]
[PlyCount "150"]
[EventDate "2006.07.01"]

1. e4 c5 2. Nf3 Nc6 3. Bb5 e6 4. Bxc6 bxc6 5. d3 Ne7 6. O-O Ng6 7. Ng5 h6 8.
Nh3 d6 9. f4 f5 10. Qh5 Kf7 11. Nd2 Qh4 12. Qe2 Kg8 13. Nf3 Qd8 14. Kh1 Be7 15.
Rg1 Kh7 16. Bd2 Rf8 17. Rae1 Bd7 18. g4 Rb8 19. b3 Qe8 20. gxf5 exf5 21. e5
dxe5 22. Rxg6 Qxg6 23. Nxe5 Qd6 24. Nxd7 Qxd7 25. Qxe7 Qd5+ 26. Kg1 Rbe8 27.
Qxe8 Rxe8 28. Rxe8 Qd4+ 29. Nf2 Qb2 30. Be3 Qxc2 31. Re5 Qxa2 32. Bxc5 Qxb3 33.
Bxa7 Qb1+ 34. Kg2 Qb7 35. Bc5 Kg6 36. h3 Kf6 37. h4 Qd7 38. d4 Qb7 39. h5 Qb2
40. Re3 Qc1 41. Rf3 g5 42. hxg6 Kxg6 43. Bd6 Qc4 44. Rg3+ Kh5 45. Be5 c5 46.
dxc5 Qxc5 47. Rc3 Qd5+ 48. Kg1 Qg8+ 49. Kf1 Qa8 50. Rg3 Qd5 51. Kg1 Qd2 52. Rg2
Qc1+ 53. Kh2 Qe1 54. Nh3 Qe3 55. Ng1 Qe1 56. Re2 Qf1 57. Kh1 Kg4 58. Rg2+ Kh4
59. Kh2 Qd3 60. Bd4 Kh5 61. Ne2 Qf3 62. Be5 Qd3 63. Ng3+ Kh4 64. Bf6+ Kg4 65.
Ne2+ Kh5 66. Bd4 Qd1 67. Kg3 Qf1 68. Rf2 Qb1 69. Rh2+ Kg6 70. Kf2 Qc2 71. Rg2+
Kh5 72. Bg7 Qc5+ 73. Kf1 Qb6 74. Rh2+ Kg4 75. Rxh6 Qf2+ 1/2-1/2

[Event "XIII Torneo FIDE"]
[Site "Montecatini Terme ITA"]
[Date "2006.07.07"]
[Round "8"]
[White "Sulava, Nenad"]
[Black "Naumkin, Igor"]
[Result "1/2-1/2"]
[WhiteElo "2489"]
[BlackElo "2430"]
[PlyCount "30"]
[EventDate "2006.07.01"]

1. c4 Nf6 2. d4 e6 3. Nf3 b6 4. g3 Bb7 5. Bg2 Be7 6. O-O O-O 7. Nc3 Ne4 8. Nxe4
Bxe4 9. Ne1 Bxg2 10. Nxg2 d5 11. Qa4 dxc4 12. Qxc4 c5 13. dxc5 Bxc5 14. Be3
Bxe3 15. Nxe3 Qc8 1/2-1/2

[Event "XIII Torneo FIDE"]
[Site "Montecatini Terme ITA"]
[Date "2006.07.08"]
[Round "9"]
[White "Brunello, Sabino"]
[Black "Mrdja, Milan"]
[Result "1/2-1/2"]
[WhiteElo "2391"]
[BlackElo "2414"]
[PlyCount "24"]
[EventDate "2006.07.01"]

1. e4 e5 2. Nf3 Nc6 3. Bb5 a6 4. Bxc6 dxc6 5. O-O Bg4 6. d3 Bc5 7. h3 Bxf3 8.
Qxf3 Qf6 9. Nd2 O-O-O 10. Qxf6 Nxf6 11. Nf3 Nd7 12. Be3 f6 1/2-1/2

[Event "XIII Torneo FIDE"]
[Site "Montecatini Terme ITA"]
[Date "2006.07.08"]
[Round "9"]
[White "Naumkin, Igor"]
[Black "Apicella, Manuel"]
[Result "1/2-1/2"]
[WhiteElo "2430"]
[BlackElo "2520"]
[PlyCount "27"]
[EventDate "2006.07.01"]

1. d4 d5 2. c4 c6 3. cxd5 cxd5 4. Nc3 Nc6 5. Nf3 Nf6 6. Bf4 a6 7. e3 Bf5 8. Bd3
Bxd3 9. Qxd3 e6 10. O-O Bd6 11. Bxd6 Qxd6 12. h3 O-O 13. Rfc1 Rfc8 14. a3
1/2-1/2

[Event "XIII Torneo FIDE"]
[Site "Montecatini Terme ITA"]
[Date "2006.07.08"]
[Round "9"]
[White "Piscopo, Pierluigi"]
[Black "Mogranzini, Roberto"]
[Result "1/2-1/2"]
[WhiteElo "2393"]
[BlackElo "2352"]
[PlyCount "30"]
[EventDate "2006.07.01"]

1. d4 d5 2. c4 c6 3. Nc3 Nf6 4. cxd5 cxd5 5. Bf4 Bf5 6. Nf3 Nc6 7. e3 e6 8. Bd3
Bxd3 9. Qxd3 Bd6 10. Bxd6 Qxd6 11. O-O O-O 12. a3 a6 13. Rac1 Rac8 14. h3 Rfd8
15. Rfd1 h6 1/2-1/2

[Event "XIII Torneo FIDE"]
[Site "Montecatini Terme ITA"]
[Date "2006.07.08"]
[Round "9"]
[White "Ronchetti, Niccolo'"]
[Black "Sulava, Nenad"]
[Result "0-1"]
[WhiteElo "2421"]
[BlackElo "2489"]
[PlyCount "64"]
[EventDate "2006.07.01"]

1. e4 c5 2. Nf3 e6 3. c3 d5 4. exd5 exd5 5. d4 a6 6. g3 Nc6 7. Bg2 c4 8. Ne5
Nge7 9. O-O Be6 10. Re1 Nxe5 11. dxe5 Nc6 12. Nd2 Be7 13. Nf3 O-O 14. Nd4 Qc7
15. Bf4 Kh8 16. Qd2 Rad8 17. Nxc6 bxc6 18. b3 cxb3 19. axb3 a5 20. Ra4 Rb8 21.
Rea1 Rxb3 22. Rxa5 Rfb8 23. h4 h6 24. Ra7 Qd8 25. R7a2 Kg8 26. h5 Bf8 27. Ra6
Qc8 28. Bf3 Rb1+ 29. Kg2 Bh3+ 30. Kh2 Bf1 31. Rxb1 Qh3+ 32. Kg1 Rxb1 0-1

[Event "V Weekend A"]
[Site "Vignola ITA"]
[Date "2006.11.24"]
[Round "1"]
[White "Arnetta, Marianna"]
[Black "Zoboli, Andrea"]
[Result "1/2-1/2"]
[WhiteElo "2054"]
[BlackElo "1682"]
[PlyCount "69"]
[EventDate "2006.11.24"]

1. e4 c5 2. Nc3 d6 3. Bc4 Nc6 4. d3 Nf6 5. f4 e6 6. Nf3 a6 7. a4 d5 8. exd5
exd5 9. Ba2 Bg4 10. h3 Be6 11. O-O Qd7 12. Ne5 Nxe5 13. fxe5 Ng8 14. Qf3 O-O-O
15. Ne2 f6 16. exf6 Nxf6 17. Bg5 Be7 18. Nf4 h6 19. Nxe6 Qxe6 20. Rae1 Qd7 21.
Qe3 hxg5 22. Qxe7 Qxe7 23. Rxe7 Rd7 24. Rfe1 Kd8 25. Rxd7+ Kxd7 26. Re5 Kd6 27.
Rxg5 Rg8 28. c4 d4 29. b4 b6 30. a5 bxa5 31. bxc5+ Kc7 32. Bb3 g6 33. Re5 Rb8
34. Ba4 Rb4 35. Re6 1/2-1/2

[Event "V Weekend A"]
[Site "Vignola ITA"]
[Date "2006.11.24"]
[Round "1"]
[White "Buriani, Andrea"]
[Black "Roteglia, Giovanni"]
[Result "1-0"]
[WhiteElo "2014"]
[BlackElo "1589"]
[PlyCount "39"]
[EventDate "2006.11.24"]

1. d4 g6 2. e4 Bg7 3. Nf3 d6 4. Bd3 Nf6 5. O-O O-O 6. Nbd2 Nc6 7. c3 e5 8. Re1
h6 9. Nb3 Bg4 10. h3 Bxf3 11. Qxf3 Nd7 12. Be3 Kh7 13. Rad1 a6 14. Kh2 Rb8 15.
Bc2 Ne7 16. Qe2 f5 17. dxe5 f4 18. exd6 Be5 19. dxe7 f3+ 20. g3 1-0

[Event "V Weekend A"]
[Site "Vignola ITA"]
[Date "2006.11.24"]
[Round "1"]
[White "Calavalle, Giulio"]
[Black "Chiarion, Elisa"]
[Result "1-0"]
[WhiteElo "2174"]
[BlackElo "1712"]
[PlyCount "55"]
[EventDate "2006.11.24"]

1. e4 c5 2. Nc3 Nc6 3. Bc4 g6 4. d3 Bg7 5. Nge2 e6 6. Bf4 Ne5 7. Bb3 Ne7 8. O-O
O-O 9. Ng3 b6 10. Bg5 N5c6 11. f4 Bb7 12. f5 h6 13. Bd2 Nc8 14. Kh1 Nd4 15. Qg4
Kh7 16. Qh3 Rh8 17. fxg6+ fxg6 18. Rf7 Kg8 19. Raf1 Nd6 20. R7f2 Qe7 21. Nce2
Nc6 22. Nf4 Kh7 23. Nxg6 Kxg6 24. Qh5+ Kh7 25. Rf7 Qxf7 26. Rxf7 Nxf7 27. Qxf7
Rad8 28. Nh5 1-0